| 000 | 00770nam a2200265 a 4500 | ||
|---|---|---|---|
| 003 | AR-BaBNM | ||
| 005 | 20251128203608.0 | ||
| 008 | 082120s2002 ||||||||||||||000 | spa|| | ||
| 040 | _cAR-BaBNM | ||
| 245 | 0 | 0 | _aLa industrialización y el ahorro de divisas en la Argentina |
| 260 |
_aBuenos Aires _bFIAT Delegación para America Latina _c1959 |
||
| 300 |
_a228 p. _bgráfs., tablas |
||
| 500 | _aContiene apéndice | ||
| 504 | _aBibliografía para consultar p. 209-214 | ||
| 650 | 4 | _aINDUSTRIALIZACION | |
| 650 | 4 | _aSIGLO VEINTE | |
| 650 | 4 | _aSOCIEDADES INDUSTRIALES | |
| 650 | 4 | _aAGRICULTURA | |
| 650 | 4 | _aAHORRO | |
| 651 | 4 | _aArgentina | |
| 700 | 1 |
_aValletta, Vittorio _edirector |
|
| 700 | 1 |
_aMIniati, Gino _edirector |
|
| 942 | _cBK | ||
| 998 | _cmariana | ||
| 999 |
_c4063 _d4063 |
||